Lanean...
Basic economics revision
| Egile nagusia: | |
|---|---|
| Formatua: | Printed Book |
| Argitaratua: |
London, Cassell
1982
|
| LEADER | 004270000a22001450004500 | ||
|---|---|---|---|
| 020 | |a 0-304-30969-9 | ||
| 082 | |a 330 M2 | ||
| 100 | |a Leeds, C A | ||
| 245 | |a Basic economics revision | ||
| 260 | |a London, Cassell | ||
| 260 | |c 1982 | ||
| 465 | |a D 4.25 | ||
| 942 | |c BK | ||
| 999 | |c 10207 |d 10207 | ||
| 952 | |0 0 |1 0 |4 0 |6 330_000000000000000_M2 |7 0 |8 ENG |9 10002 |a MGUL |b MGUL |d 2013-07-16 |e D 4.25 |l 4 |m 2 |o 330 M2 |p 00669 |r 2018-12-21 |s 2018-11-09 |w 2013-07-16 |y BK | ||